000 00583nam a2200229Ia 4500
003 OSt
005 20220918174003.0
006 a|||||r|||| 00| 0
007 ta
008 220917b |||||||| |||| 00| 0 eng d
024 _a9,643
037 _cTextual
040 _aARTS
_cARTS
_beng
041 _2eng
_aeng
082 _aM1, F8
100 _aMckerrow Ronald B.
_948711
245 0 _aIntroduction to bibliography for literary students
260 _c1928
650 _aINDUSTRIAL ARTS
942 _hM1, F8
_cTEXL
_2CC
999 _c151281
_d151281